000 00801nam a2200229Ii 4500
003 JO-AjNU
008 230605s9999||||xx |||||||||||||| ||und||
017 _a2008/10/3566
020 _a978-9957-71-080-4
040 _aJO-AjNU
_bara
_erda
_cJO-AjNU
041 _aara
050 1 4 _aK1054.B266.2009
100 3 _a محمد بني مقداد ، محمد علي ,
_eauthor
_921332
245 0 0 _aتضامن الموقعون على الأوراق التجارية " دراسة مقارنة "
250 _aط1
264 3 1 _aاربد : عالم الكتب الحديث ، 2008
300 _a451ص
336 _atext
_btxt
_2rdacontent
337 _aunmediated
_bn
_2rdamedia
338 _avolume
_bnc
_2rdacarrier
650 4 _aالقانون التجاري -- الأوراق التجارية
_921333
999 _aA7391
_c10959
_d10959